[Event "QA-ANNIV-05"]
[Site "http://www.queenalice.com/game.php?id=654496"]
[Date "2009.9.18"]
[Round "2"]
[White "carol_santos"]
[Black "FuriousFreddy"]
[Result "1-0"]
[WhiteElo "2424"]
[BlackElo "1857"]

1. e4 c5 2. Nf3 g6 3. c4 Nc6 4. d4 cxd4 5. Nxd4 Nf6 6. Nc3 d6 7. Nc2 Bg7 8. Be2
O-O 9. O-O a6 10. Be3 Nd7 11. Qd2 1-0

[Event "Challenge"]
[Site "http://www.queenalice.com/game.php?id=657203"]
[Date "2009.9.24"]
[Round "-"]
[White "PeterCamargo"]
[Black "carol_santos"]
[Result "1/2-1/2"]
[WhiteElo "2446"]
[BlackElo "2435"]

1. d4 Nf6 2. c4 e6 3. Nf3 b6 4. g3 Ba6 5. b3 Bb4+ 6. Bd2 Be7 7. Bg2 c6 8. O-O d5
9. Ne5 O-O 10. Qc2 dxc4 11. bxc4 Qxd4 12. Bc3 Qd6 13. Nd2 Nfd7 14. Nd3 Qc7 15.
a4 Bb7 16. Qb2 Bf6 17. Bxf6 Nxf6 18. a5 Nfd7 19. Rfb1 Na6 20. Nf3 f6 21. Bh3
Rfe8 22. Nd4 c5 23. Nb5 Qc6 24. f3 Red8 25. Qd2 Kh8 26. Ra3 Nf8 27. Qe3 Nc7
1/2-1/2

[Event "ABERTO DO BRASIL"]
[Site "http://www.queenalice.com/game.php?id=666643"]
[Date "2009.10.13"]
[Round "4"]
[White "Tecodamara"]
[Black "carol_santos"]
[Result "1/2-1/2"]
[WhiteElo "2485"]
[BlackElo "2435"]

1. e4 e5 2. Nf3 Nc6 3. d4 exd4 4. Nxd4 Bc5 5. Be3 Qf6 6. c3 Nge7 7. Bc4 Ne5 8.
Be2 Qg6 9. O-O d6 10. f4 Qxe4 11. Bf2 Bxd4 12. cxd4 N5g6 13. g3 Bh3 14. Bf3 Qf5
15. Re1 d5 16. Qb3 O-O-O 17. Nc3 Kb8 18. Re3 h5 19. Rae1 Qd7 20. Na4 b6 21. Nc5
Qd6 22. Na6+ Kb7 23. Be2 Bg4 24. Bd3 h4 25. Qc2 Rh5 26. Bxg6 Nxg6 27. Ra3 Bd7
28. Rc1 Rc8 29. g4 Rhh8 30. Nc5+ Kb8 31. Na6+ Ka8 32. f5 Ne7 33. h3 Nc6 34. Rc3
g6 35. fxg6 fxg6 36. a3 Kb7 1/2-1/2

[Event "QA-ANNIV-04"]
[Site "http://www.queenalice.com/game.php?id=695080"]
[Date "2009.12.9"]
[Round "7"]
[White "carol_santos"]
[Black "DINTERINBEBIM"]
[Result "1/2-1/2"]
[WhiteElo "2435"]
[BlackElo "2384"]

1. c4 c6 2. Nf3 d5 3. g3 Nf6 4. Bg2 g6 5. b3 Bg7 6. Bb2 O-O 7. O-O Bg4 8. d3
Bxf3 9. Bxf3 e6 10. Nd2 Nbd7 11. Qc2 Qe7 12. Rfe1 Rfd8 13. Rac1 a5 14. cxd5 exd5
15. e4 dxe4 16. dxe4 Nb6 17. Bg2 Nfd7 18. Bxg7 Kxg7 19. Nf3 Kg8 20. Qb2 Nf8 21.
Qc3 Qb4 22. Qe3 Nbd7 23. Bh3 a4 24. e5 axb3 25. axb3 Re8 26. Rc4 Qe7 27. Rh4 Qc5
28. Rd4 Nb6 29. Ng5 Nd5 30. Qd2 Qe7 31. b4 Rad8 32. e6 fxe6 33. Bxe6+ Nxe6 34.
Rxe6 Qd7 35. Rxe8+ Rxe8 36. Ne4 Qe7 37. b5 Qe5 38. bxc6 bxc6 39. Ra4 Nb6 40.
Qa2+ Re6 41. Rd4 Nd5 42. Qa7 Qf5 43. Qa8+ Kf7 44. f3 Qe5 45. Rc4 g5 1/2-1/2

[Event "ABERTO DO BRASIL"]
[Site "http://www.queenalice.com/game.php?id=741967"]
[Date "2010.3.6"]
[Round "5"]
[White "carol_santos"]
[Black "csparrow"]
[Result "0-1"]
[WhiteElo "2419"]
[BlackElo "2582"]

1. c4 Nf6 2. Nc3 e5 3. g3 Bb4 4. Bg2 O-O 5. Nf3 Re8 6. O-O c6 7. d3 h6 8. Bd2 d6
9. a3 Ba5 10. b4 Bc7 11. e4 Be6 12. Nh4 Qd7 13. Qc2 Na6 14. Rab1 Rac8 15. Nd1 b5
16. Ne3 Bb6 17. Nef5 Kh8 18. Qb2 Kh7 19. Qc1 Ng8 20. a4 Kh8 21. Bc3 bxa4 22. Ra1
c5 23. b5 Nb4 24. Rxa4 g5 25. Nf3 Bxf5 26. exf5 Qxf5 27. Nd2 Rcd8 28. Be4 Qe6
29. Bxb4 cxb4 30. Rxb4 f5 31. Bd5 Qg6 0-1

[Event "QA-ANNIV-04"]
[Site "http://www.queenalice.com/game.php?id=762157"]
[Date "2010.4.16"]
[Round "8"]
[White "cunha"]
[Black "carol_santos"]
[Result "1-0"]
[WhiteElo "2701"]
[BlackElo "2421"]

1. e4 e6 2. d4 d5 3. e5 c5 4. c3 Nc6 5. Nf3 Qb6 6. a3 c4 7. Nbd2 Na5 8. Be2 Bd7
9. Rb1 Be7 10. Qc2 Nh6 11. Nf1 Nb3 12. Bxh6 gxh6 13. Ne3 O-O-O 14. Nd2 Nxd2 15.
Qxd2 Bxa3 16. O-O Be7 17. b3 cxb3 18. c4 dxc4 19. Nxc4 Qb4 20. Qxb4 Bxb4 21.
Rxb3 a5 22. Rxb4 axb4 23. Nd6+ Kc7 24. Nxf7 Kb6 25. f4 Rhe8 26. Nxd8 Rxd8 27.
Rb1 Ka5 28. Kf2 Bb5 29. Bxb5 Kxb5 30. Ke3 1-0

[Event "Let's Play Chess!"]
[Site "http://www.queenalice.com/game.php?id=869932"]
[Date "2010.12.9"]
[Round "-"]
[White "carol_santos"]
[Black "Brandon"]
[Result "0-1"]
[WhiteElo "2371"]
[BlackElo "2647"]

1. c4 Nf6 2. Nc3 e6 3. e4 d5 4. e5 d4 5. exf6 dxc3 6. bxc3 Qxf6 7. d4 c5 8. Nf3
cxd4 9. Bg5 Qf5 10. cxd4 h6 11. Bd2 b6 0-1

[Event "Let's Play Chess!"]
[Site "http://www.queenalice.com/game.php?id=869933"]
[Date "2010.12.9"]
[Round "-"]
[White "Brandon"]
[Black "carol_santos"]
[Result "1-0"]
[WhiteElo "2649"]
[BlackElo "2367"]

1. e4 e5 2. Nf3 Nc6 3. d4 exd4 4. Nxd4 Nf6 5. Nxc6 bxc6 6. e5 Qe7 7. Qe2 Nd5 8.
c4 Nb6 9. Nd2 Bb7 10. b3 g6 11. Bb2 1-0

[Event "Let's Play Chess!"]
[Site "http://www.queenalice.com/game.php?id=869934"]
[Date "2010.12.9"]
[Round "-"]
[White "carol_santos"]
[Black "Brandon"]
[Result "0-1"]
[WhiteElo "2375"]
[BlackElo "2644"]

1. Nf3 Nf6 2. d4 e6 3. c4 d5 4. Nc3 c6 5. e3 Nbd7 6. Bd3 dxc4 7. Bxc4 b5 8. Bd3
Bb7 9. O-O a6 10. e4 c5 11. d5 c4 0-1

[Event "Let's Play Chess!"]
[Site "http://www.queenalice.com/game.php?id=869935"]
[Date "2010.12.9"]
[Round "-"]
[White "Brandon"]
[Black "carol_santos"]
[Result "1-0"]
[WhiteElo "2651"]
[BlackElo "2363"]

1. e4 c6 2. d4 d5 3. Nc3 dxe4 4. Nxe4 Bf5 5. Ng3 Bg6 6. h4 h6 7. Nf3 Nd7 8. h5
Bh7 9. Bd3 Bxd3 10. Qxd3 Ngf6 11. Bf4 1-0

[Event "Challenge"]
[Site "http://www.queenalice.com/game.php?id=877650"]
[Date "2010.12.28"]
[Round "-"]
[White "Benvenutti"]
[Black "carol_santos"]
[Result "0-1"]
[WhiteElo "1896"]
[BlackElo "2361"]

1. d4 Nf6 2. c4 e6 3. Nf3 d5 4. Nc3 c6 5. e3 Nbd7 6. Bd3 dxc4 7. Bxc4 b5 8. Bd3
Bb7 9. O-O a6 10. Bd2 c5 11. dxc5 Nxc5 12. Be2 Be7 13. Rc1 O-O 0-1

[Event "Challenge"]
[Site "http://www.queenalice.com/game.php?id=879056"]
[Date "2010.12.30"]
[Round "-"]
[White "jeffcom2f"]
[Black "carol_santos"]
[Result "0-1"]
[WhiteElo "1884"]
[BlackElo "2360"]

1. d4 Nf6 2. c4 e6 3. Nf3 d5 4. e3 c6 5. Be2 Nbd7 6. a3 Bd6 7. b4 dxc4 8. Bxc4
b5 9. Bd3 a5 10. bxa5 Qxa5+ 11. Bd2 Qd8 12. Qc1 Bb7 13. Nc3 O-O 14. Ne4 Nxe4 15.
Bxe4 f5 16. Bc2 c5 17. a4 b4 18. Bb3 Kh8 19. Bxe6 cxd4 20. exd4 Qe7 21. Ng5 Bxg2
22. Rg1 Bd5 23. Kd1 Bxe6 24. Nxe6 Qxe6 25. d5 Qxd5 0-1

[Event "knights VS Knights"]
[Site "http://www.queenalice.com/game.php?id=890861"]
[Date "2011.1.25"]
[Round "-"]
[White "jeffcom2f"]
[Black "carol_santos"]
[Result "0-1"]
[WhiteElo "1897"]
[BlackElo "2365"]

1. e4 e5 2. Nf3 Nc6 3. d4 exd4 4. Nxd4 Qh4 5. Nc3 Bb4 6. Qd3 Nf6 7. Bd2 Ng4 8.
Be3 O-O 9. Nxc6 dxc6 10. g3 Qe7 11. O-O-O Ne5 12. Qd2 Bg4 13. Be2 Rfd8 14. Qe1
Bxc3 15. Rxd8+ Rxd8 16. Qxc3 Bxe2 17. f4 Nd3+ 18. Kb1 Qxe4 19. cxd3 Rxd3 20.
Qxd3 Bxd3+ 21. Ka1 Qxh1+ 22. Bc1 Qxc1# 0-1

[Event "Challenge"]
[Site "http://www.queenalice.com/game.php?id=890992"]
[Date "2011.1.25"]
[Round "-"]
[White "carol_santos"]
[Black "CRICARDOP"]
[Result "1-0"]
[WhiteElo "2362"]
[BlackElo "1099"]

1. e4 Nf6 2. e5 Ng8 3. Nf3 e6 4. Nc3 Bc5 5. d4 Bb4 6. Bd3 Nh6 7. Bg5 Bxc3+ 8.
bxc3 f6 9. exf6 gxf6 10. Bxh6 b6 11. Ne5 Rg8 12. Qh5+ Ke7 13. Qf7+ Kd6 14. Be4
Nc6 15. Nc4# 1-0

[Event "Challenge"]
[Site "http://www.queenalice.com/game.php?id=893778"]
[Date "2011.1.31"]
[Round "-"]
[White "Xmen"]
[Black "carol_santos"]
[Result "0-1"]
[WhiteElo "1903"]
[BlackElo "2364"]

1. e4 e5 2. Bc4 Nf6 3. d3 Nc6 4. Nf3 Bc5 5. Nc3 d6 6. Ng5 O-O 7. f3 a5 8. a4 h6
9. h4 Nd4 10. Nh3 Nh5 11. Ng5 Ng3 12. Rh2 c6 13. f4 hxg5 14. fxg5 Qb6 15. g6 d5
16. exd5 fxg6 17. dxc6+ Kh8 18. Rh1 Nxh1 19. Ne4 Nxc2+ 20. Kd2 Nxa1 21. Nxc5
Qb4+ 22. Ke3 Nc2+ 23. Qxc2 Qe1+ 24. Qe2 Qxc1+ 25. Qd2 Qg1+ 0-1

[Event "Challenge"]
[Site "http://www.queenalice.com/game.php?id=893982"]
[Date "2011.1.31"]
[Round "-"]
[White "JD"]
[Black "carol_santos"]
[Result "0-1"]
[WhiteElo "1533"]
[BlackElo "2363"]

1. e3 d5 2. c4 c6 3. cxd5 cxd5 4. Nf3 Bg4 5. Qa4+ Bd7 6. Qd4 e6 7. e4 Nc6 8. Qa4
Nb4 9. Qb3 dxe4 10. a3 Nc6 11. Ng1 Nf6 12. f3 Nd4 13. Qc3 Ba4 14. Ne2 Nc2+ 15.
Kd1 Nd5 16. Qc4 Nde3# 0-1